000
00270nam a22001097a 4500
082
_a
005.3 GRO'N
100
_a
GROSS, MICHAEL
_9
64785
245
_a
NORTON UTILITIES 5 INSTANT REFERENCE
260
_a
NEW DELHI
_b
ISLAMIC PUBLICATIONS
_c
1991
300
_a
162P
942
_c
BK
999
_c
573179
_d
573179